Fonlar mevzuatı ve konsolide bütçe ile ilişkileri (Record no. 4029)

MARC details
000 -BAŞLIK
Sabit Uzunlukta Kontrol Alanı 00916na a2200253 4500
001 - KONTROL NUMARASI
Denetim Alanı 16702
003 - KONTROL NUMARASI IDENTIFIER
Denetim Alanı MIRAKIL
005 - SON İŞLEM TARİHİ VE ZAMANI
Denetim Alanı 20181213154951.0
008 - SABİT-BOY VERİ ELEMANLARI - GENEL BİLGİLER
Sabit Uzunlukta Kontrol Alanı 161013b tu 000 0
040 ## - KATALOGLAMA KAYNAK
Orijinal Kataloglama Ajansı Milas
Kataloglama Dili tur
Metne Dönüştürmek Ajansı TR-AnCHP
041 ## - DİL KODU
Metin / Ses Parça Veya Ayrı Başlığın Dil Kodu tur
082 ## - DEWEY ONLU SINIFLANDIRMA NUMARASI
Sınıflandırma Numarası 343.036026
Ürün Numarası F65 1993
090 ## - SINIFLAMA NUMARASI
Sınıflama Numarası 343.036026 F65 1993
245 ## - BAŞLIK TABLOSU
Başlık Fonlar mevzuatı ve konsolide bütçe ile ilişkileri
Sorumluluk Tablosu, Vb T.C. Maliye ve Gümrük Bakanlığı
260 ## - YAYIN, DAĞITIM, VB
Yayın, Dağıtım, Vb Yeri Ankara
Yayıncı, Dağıtıcı, Vs Adı Maliye ve Gümrük Bakanlığı Bütçe ve Mali Kontrol Genel Müdürlüğü
Yayın, Dağıtım, Vb Tarihi 1993
300 ## - FİZİKSEL TANIM
Kapsam xix, 1512 s.
Boyutlar 30 sm.
440 ## - SERİSİ TABLOSU / KATMA GİRİŞİ - BAŞLIK
Başlık T.C. Maliye Ve Gümrük Bakanlığı $P Bütçe Ve Mali Kontrol Genel Müdürlüğü
Hacim / Ardışık Tanımı 1993/3
650 ## - KONU KATMA GİRİŞ - TOPİKAL DÖNEM
Topikal Süreli Veya Coğrafi Ad Giriş Elemanı Gelir hukuku
Coğrafi Alt Bölümü Türkiye
650 ## - KONU KATMA GİRİŞ - TOPİKAL DÖNEM
Topikal Süreli Veya Coğrafi Ad Giriş Elemanı Bütçe
Genel Alt Bölümü Hukuk ve mevzuat
650 ## - KONU KATMA GİRİŞ - TOPİKAL DÖNEM
Topikal Süreli Veya Coğrafi Ad Giriş Elemanı Fonlar
Genel Alt Bölümü Hukuk ve mevzuat
651 ## - KONU KATMA GİRİŞ - COĞRAFİ ADI
Coğrafi İsim Türkiye
Genel Alt Bölümü Ödenekler ve harcamalar
Kronolojik Alt Bölümü Hukuk ve mevzuat
942 ## - EKLENDİ GİRİŞ ELEMANLARI (KOHA)
Sınıflandırma Veya Raf Düzeni Kaynak Dewey Decimal Classification
Koha Öğesi Türü Books
999 ## - SİSTEM KONTROL NUMARALARI (KOHA)
Koha Biblionumber 4029
Koha Biblioitemnumber 4029
657 ## - INDEX SÜRE - İŞLEVİ
-- Finansman mevzuatı
Holdings
Kalıcı Konum Mevcut Konum Edinme Tarihi Edinim Kaynak Toplam Check-Out'Lar Tam Çağrı Numarası Barkod Tarih Son Görülme İtibaren Geçerli Fiyatlar Koha Öğesi Türü
CHP Kütüphanesi CHP Kütüphanesi 10/10/2016 Bağış   343.036026 F65 1993 006689 10/10/2016 10/10/2016 Books